[Event "DEM U12 2011"]
[Site "Oberhof GER"]
[Date "2011.06.14"]
[Round "5"]
[White "Sieber, Fiona"]
[Black "Trotzke, Johannes"]
[Result "1-0"]
[Termination "normal"]
[Board "23"]
[WhiteElo "1689"]
[BlackElo "1491"]
[PlyCount "35"]
[WhiteFideId "12902373"]
[BlackFideId "12918105"]
[EventCountry "GER"]
[EventRounds "11"]
[EventType "swiss"]
[EventDate "2011.06.11"]

1. e4 d5 2. exd5 Qxd5 3. Nc3 Qd6 4. d4 Nf6 5. Bd3 c6 6. Nge2 Bg4 7. f3 Bh5 8.
Bf4 Qb4 9. O-O e6 10. Qe1 c5 11. Nb5 Nd5 12. Bd2 Qxb2 13. c4 a6 14. Rb1 Qxa2
15. Ra1 Qb3 16. Ra3 Qb2 17. cxd5 exd5 18. Bc3 1-0

[Event "DEM U12 2011"]
[Site "Oberhof GER"]
[Date "2011.06.14"]
[Round "5"]
[White "Scheinhütte, Jakob"]
[Black "Wächter, Nathalie"]
[Result "1-0"]
[Termination "normal"]
[Board "24"]
[WhiteElo "1587"]
[BlackElo "1707"]
[PlyCount "97"]
[WhiteFideId "24693944"]
[BlackFideId "12921033"]
[EventCountry "GER"]
[EventRounds "11"]
[EventType "swiss"]
[EventDate "2011.06.11"]

1. e4 e5 2. Nf3 Nc6 3. Bb5 a6 4. Ba4 Nf6 5. O-O b5 6. Bb3 Bc5 7. Re1 O-O 8. h3
d6 9. c3 Bb6 10. d3 Bb7 11. Nbd2 Ne7 12. Nf1 Nh5 13. Nxe5 dxe5 14. Qxh5 Qxd3
15. Qxe5 Ng6 16. Qg3 Bxe4 17. Be3 c5 18. Rad1 Rac8 19. Rxd3 Bxd3 20. Bxc5 Bxc5
21. Qxd3 Rcd8 22. Qe4 a5 23. Qc6 Be7 24. Qxb5 Ra8 25. Qf5 a4 26. Bc2 Bf6 27.
Re3 Rfc8 28. Bxa4 Ne7 29. Qc2 Rab8 30. Bb3 Ng6 31. Nh2 Bg5 32. Re1 Rd8 33. Nf3
Bf6 34. Rd1 Rf8 35. Qf5 Ne7 36. Qh5 g6 37. Qg4 Bg7 38. Ng5 Nf5 39. Qc4 Nh6 40.
Rd7 Rbc8 41. Qd5 Kh8 42. Nxf7+ Nxf7 43. Rxf7 Rxf7 44. Qxf7 Rf8 45. Qa7 h6 46.
a4 Re8 47. a5 Be5 48. g3 Bf6 49. Qf7 1-0

[Event "DEM U12 2011"]
[Site "Oberhof GER"]
[Date "2011.06.14"]
[Round "5"]
[White "Kololli, Kevin"]
[Black "Denkert, Anna"]
[Result "0-1"]
[Termination "normal"]
[Board "26"]
[WhiteElo "1596"]
[BlackElo "1173"]
[PlyCount "36"]
[WhiteFideId "12936863"]
[BlackFideId "12938122"]
[EventCountry "GER"]
[EventRounds "11"]
[EventType "swiss"]
[EventDate "2011.06.11"]

1. e4 e5 2. Nf3 Nf6 3. Nxe5 d6 4. Nxf7 Kxf7 5. d4 Be7 6. Bc4+ Be6 7. Bxe6+ Kxe6
8. O-O Kf7 9. Nc3 Re8 10. f4 Kg8 11. d5 c6 12. Re1 Qb6+ 13. Kh1 Qf2 14. Be3 Qh4
15. h3 cxd5 16. e5 dxe5 17. fxe5 Qg3 18. Nxd5 Qxe5 0-1

[Event "DEM U12 2011"]
[Site "Oberhof GER"]
[Date "2011.06.14"]
[Round "5"]
[White "Rogozenco, Teodora"]
[Black "Krüger, David"]
[Result "1/2-1/2"]
[Termination "normal"]
[Board "27"]
[WhiteElo "1356"]
[BlackElo "1810"]
[PlyCount "102"]
[WhiteFideId "12938084"]
[BlackFideId "12921858"]
[EventCountry "GER"]
[EventRounds "11"]
[EventType "swiss"]
[EventDate "2011.06.11"]

1. d4 d5 2. Nf3 Nf6 3. c4 c6 4. Nc3 e6 5. e3 Nbd7 6. Qc2 Be7 7. b3 O-O 8. Be2
Qc7 9. O-O a6 10. Bb2 Re8 11. Rfd1 b5 12. cxb5 cxb5 13. Rac1 Bb7 14. Nb1 Qxc2
15. Rxc2 Rac8 16. Rdc1 Rxc2 17. Rxc2 Rc8 18. Rxc8+ Bxc8 19. Nbd2 Bd6 20. h3 Kf8
21. Bd3 Bb7 22. Kf1 Ke7 23. Ke2 h6 24. Ne5 Nb8 25. Ndf3 Nfd7 26. Nxd7 Kxd7 27.
Kd2 Nc6 28. a3 Na5 29. Bc2 f6 30. h4 g5 31. hxg5 hxg5 32. g4 Nc6 33. Bg6 a5 34.
Bd3 Na7 35. Ke2 Bc6 36. Bg6 Nc8 37. Kd3 Nb6 38. e4 a4 39. b4 Bf4 40. e5 Ke7 41.
Kc2 Nc4 42. Bd3 Kf7 43. Be2 f5 44. Ne1 Ke7 45. Nd3 fxg4 46. Nxf4 gxf4 47. Bxg4
Be8 48. Bc1 Bg6+ 49. Kd1 Be4 50. f3 Bd3 51. Ke1 Kf7 1/2-1/2

[Event "DEM U12 2011"]
[Site "Oberhof GER"]
[Date "2011.06.14"]
[Round "5"]
[White "Bergauz, Noam"]
[Black "Niedwetzki, Jan Daniel"]
[Result "1-0"]
[Termination "normal"]
[Board "28"]
[WhiteElo "1591"]
[BlackElo "1120"]
[PlyCount "47"]
[WhiteFideId "12938033"]
[BlackFideId "12938157"]
[EventCountry "GER"]
[EventRounds "11"]
[EventType "swiss"]
[EventDate "2011.06.11"]

1. e4 c5 2. Nf3 d6 3. d4 cxd4 4. Nxd4 Nf6 5. Nc3 a6 6. Be2 e5 7. Nb3 Be6 8. Bg5
Be7 9. O-O h6 10. Bxf6 Bxf6 11. Nd2 O-O 12. Nc4 Be7 13. Nd5 Bxd5 14. Qxd5 Qc7
15. Rad1 Rd8 16. Bh5 Bf8 17. f4 exf4 18. Rxf4 Rd7 19. Rdf1 Qc5+ 20. Qxc5 dxc5
21. Nb6 Ra7 22. Nxd7 Nxd7 23. Bxf7+ Kh7 24. Be6 1-0

[Event "DEM U12 2011"]
[Site "Oberhof GER"]
[Date "2011.06.14"]
[Round "5"]
[White "Sherif, Amina"]
[Black "Schulte, Felix"]
[Result "0-1"]
[Termination "time forfeit"]
[Board "29"]
[WhiteElo "1345"]
[BlackElo "1573"]
[PlyCount "66"]
[WhiteFideId "12911690"]
[BlackFideId "12914800"]
[EventCountry "GER"]
[EventRounds "11"]
[EventType "swiss"]
[EventDate "2011.06.11"]

1. e4 c5 2. Nc3 Nc6 3. f4 g6 4. Nf3 Bg7 5. Bb5 Nd4 6. O-O Nxb5 7. Nxb5 d6 8. d3
Nf6 9. Qe1 a6 10. Nc3 Qc7 11. Be3 O-O 12. Rd1 b5 13. h3 b4 14. Ne2 a5 15. Ng3
Bb7 16. f5 Nd7 17. Rb1 Ne5 18. Bf4 Nxf3+ 19. Rxf3 a4 20. c3 a3 21. Bg5 axb2 22.
f6 exf6 23. Rxf6 h6 24. Bh4 g5 25. Nh5 Bxf6 26. Nxf6+ Kh8 27. Qe2 gxh4 28. Qe3
Kg7 29. Nh5+ Kg6 30. Qf4 f5 31. exf5+ Kf7 32. Qxh6 Ke7 33. Ng7 Kd7 0-1

[Event "DEM U12 2011"]
[Site "Oberhof GER"]
[Date "2011.06.14"]
[Round "5"]
[White "Weis, Olga"]
[Black "Köhn, Lennart"]
[Result "0-1"]
[Termination "normal"]
[Board "30"]
[WhiteElo "1541"]
[BlackElo "1554"]
[PlyCount "56"]
[WhiteFideId "1270234"]
[BlackFideId "12938041"]
[EventCountry "GER"]
[EventRounds "11"]
[EventType "swiss"]
[EventDate "2011.06.11"]

1. d4 Nf6 2. Nf3 e6 3. e3 c5 4. Bd3 d5 5. b3 Nc6 6. a3 Be7 7. O-O O-O 8. Bb2
Qc7 9. Ne5 h6 10. Nd2 Nd7 11. f4 Bf6 12. Qg4 cxd4 13. exd4 Ndxe5 14. fxe5 Bg5
15. Nf3 Qd8 16. h4 f5 17. exf6 Be3+ 18. Kh1 Rxf6 19. g3 e5 20. Qh5 e4 21. Rae1
g6 22. Qxd5+ Qxd5 23. Bc4 Qxc4 24. bxc4 Rxf3 25. Rxf3 exf3 26. Rxe3 Bg4 27. d5
Rf8 28. Re7 Nxe7 0-1

[Event "DEM U12 2011"]
[Site "Oberhof GER"]
[Date "2011.06.14"]
[Round "5"]
[White "Spitzl, Vinzent"]
[Black "Nguyen, Huy Dat"]
[Result "1/2-1/2"]
[Termination "normal"]
[Board "31"]
[WhiteElo "1701"]
[BlackElo "1537"]
[PlyCount "109"]
[WhiteFideId "12901253"]
[BlackFideId "12923486"]
[EventCountry "GER"]
[EventRounds "11"]
[EventType "swiss"]
[EventDate "2011.06.11"]

1. e4 c5 2. Nf3 Nc6 3. d4 cxd4 4. Nxd4 g6 5. c4 Bg7 6. Be3 Nf6 7. Nc3 O-O 8.
Be2 d6 9. f3 Bd7 10. O-O a5 11. b3 Nxd4 12. Bxd4 Bc6 13. Nd5 Bxd5 14. exd5 Nd7
15. Bxg7 Kxg7 16. Qd4+ Kg8 17. f4 Qb6 18. Qxb6 Nxb6 19. Rfe1 Rfe8 20. Bg4 f5
21. Bd1 h5 22. Bc2 Kf7 23. h3 h4 24. Kf2 Rac8 25. Bd3 Nd7 26. Rad1 Nc5 27. Bb1
Na6 28. Rc1 Rc7 29. Ke2 Rec8 30. Kd2 a4 31. Rc3 b5 32. Rec1 b4 33. Re3 axb3 34.
axb3 Nc5 35. Rce1 Ra8 36. Bc2 Ra2 37. Kd1 Ra1+ 38. Kd2 Rxe1 39. Rxe1 Ra7 40.
Rb1 Ra2 41. Kc1 Ne4 42. Rb2 Rxb2 43. Kxb2 Ng3 44. Bd1 Kf6 45. Kc2 Ne4 46. Kd3
Nf2+ 47. Ke2 Nxd1 48. Kxd1 g5 49. fxg5+ Kxg5 50. Ke2 f4 51. Kf3 Kf5 52. Kf2 Ke4
53. Ke2 Kd4 54. Kd2 Ke5 55. Ke1 1/2-1/2

[Event "DEM U12 2011"]
[Site "Oberhof GER"]
[Date "2011.06.14"]
[Round "5"]
[White "Halas, Julia"]
[Black "Angrick, Philipp"]
[Result "1/2-1/2"]
[Termination "normal"]
[Board "32"]
[WhiteElo "1424"]
[BlackElo "1834"]
[PlyCount "54"]
[WhiteFideId "12931810"]
[BlackFideId "12912298"]
[EventCountry "GER"]
[EventRounds "11"]
[EventType "swiss"]
[EventDate "2011.06.11"]

1. d4 d5 2. Nf3 e6 3. Bf4 f5 4. e3 Nf6 5. Bd3 Be7 6. Nbd2 O-O 7. c3 Ne4 8. Ne5
Nd7 9. h3 Nxe5 10. Bxe5 Bd6 11. Bxd6 Qxd6 12. Nxe4 fxe4 13. Be2 e5 14. O-O c6
15. Rc1 Qg6 16. Bg4 Bf5 17. dxe5 Qg5 18. Bxf5 Qxf5 19. Qd4 Rae8 20. Qxa7 Re6
21. Qxb7 Rg6 22. Kh1 Qg5 23. g3 Qf5 24. Kh2 Qxe5 25. Kh1 Qf5 26. Kh2 Qe5 27.
Kh1 Rxg3 1/2-1/2

[Event "DEM U12 2011"]
[Site "Oberhof GER"]
[Date "2011.06.14"]
[Round "5"]
[White "Nobis, Anna"]
[Black "Blumenthal, Clemens"]
[Result "1-0"]
[Termination "normal"]
[Board "33"]
[WhiteElo "1572"]
[BlackElo "1494"]
[PlyCount "83"]
[WhiteFideId "1270302"]
[BlackFideId "12938050"]
[EventCountry "GER"]
[EventRounds "11"]
[EventType "swiss"]
[EventDate "2011.06.11"]

1. e4 e6 2. d4 d5 3. Nc3 Bb4 4. e5 c5 5. Bd2 cxd4 6. Nb5 Bxd2+ 7. Qxd2 Nc6 8.
Nf3 Qb6 9. O-O-O Nge7 10. Nd6+ Kf8 11. Qf4 Nf5 12. Nxf5 exf5 13. Nxd4 Nxd4 14.
Qxd4 Qxd4 15. Rxd4 Be6 16. f4 Ke7 17. g3 Rhc8 18. Bg2 Rc5 19. Rhd1 Rd8 20. Kb1
b5 21. a4 a6 22. axb5 axb5 23. c3 Rc4 24. R4d3 Rc7 25. Kc2 Rcd7 26. b3 g5 27.
Rd4 g4 28. Kb2 Rc7 29. Bxd5 Rdc8 30. Bxe6 fxe6 31. R1d3 h5 32. Rd6 Rh8 33. Rb6
Rd7 34. Rxd7+ Kxd7 35. Rd6+ Ke7 36. c4 b4 37. c5 h4 38. Kc2 hxg3 39. hxg3 Rh2+
40. Rd2 Rxd2+ 41. Kxd2 Kd7 42. Kd3 1-0

[Event "DEM U12 2011"]
[Site "Oberhof GER"]
[Date "2011.06.14"]
[Round "5"]
[White "Hartmann, Jakob"]
[Black "Moses, Selina"]
[Result "1-0"]
[Termination "normal"]
[Board "34"]
[WhiteElo "1567"]
[BlackElo "1704"]
[PlyCount "129"]
[WhiteFideId "12918067"]
[BlackFideId "12908070"]
[EventCountry "GER"]
[EventRounds "11"]
[EventType "swiss"]
[EventDate "2011.06.11"]

1. e4 e5 2. Nf3 d6 3. Bc4 Be7 4. O-O Nf6 5. Re1 O-O 6. h3 Nbd7 7. c3 c6 8. d4
Qc7 9. Nbd2 h6 10. Nf1 Re8 11. Ng3 Nf8 12. Qb3 Be6 13. d5 cxd5 14. exd5 Bd7 15.
Be3 Ng6 16. Bd3 Qa5 17. Rad1 Ba4 18. Qa3 Nxd5 19. Bc2 Nb6 20. Bxg6 fxg6 21. b3
d5 22. Bxb6 axb6 23. Qxa4 Qxc3 24. Qd7 Bc5 25. Qxd5+ Kh8 26. Ne4 Qa5 27. Nxc5
Qxc5 28. Qf7 Kh7 29. Rd7 Qf8 30. Qd5 Rxa2 31. Rf7 Qc5 32. Qxc5 bxc5 33. Rxe5
Rxe5 34. Nxe5 b5 35. Rb7 b4 36. Nd3 Rc2 37. Rc7 Rc3 38. Nxc5 g5 39. Kf1 Kg6 40.
Kg1 Kf5 41. g4+ Ke5 42. Kf1 Rc1+ 43. Ke2 Kd6 44. Na6 Rxc7 45. Nxc7 Kxc7 46. Kd3
Kd6 47. Kc4 Ke5 48. Kxb4 Kf4 49. Kc4 Kf3 50. b4 Kxf2 51. b5 Kg3 52. b6 Kxh3 53.
b7 Kxg4 54. b8=Q h5 55. Kd4 h4 56. Qh2 h3 57. Ke4 Kh4 58. Kf3 g4+ 59. Kf2 g6
60. Qf4 g5 61. Qc7 g3+ 62. Qxg3+ Kh5 63. Qxh3+ Kg6 64. Kf3 Kf6 65. Kg4 1-0

[Event "DEM U12 2011"]
[Site "Oberhof GER"]
[Date "2011.06.14"]
[Round "5"]
[White "Wallat, Jessica"]
[Black "Blösch, Christoph"]
[Result "1/2-1/2"]
[Termination "normal"]
[Board "35"]
[WhiteElo "1277"]
[BlackElo "1504"]
[PlyCount "82"]
[WhiteFideId "12909637"]
[BlackFideId "12918121"]
[EventCountry "GER"]
[EventRounds "11"]
[EventType "swiss"]
[EventDate "2011.06.11"]

1. e4 e5 2. Nf3 Nf6 3. Nxe5 d6 4. Nf3 Nxe4 5. Nc3 Nxc3 6. dxc3 Be7 7. Bf4 Be6
8. Qd2 Qd7 9. a3 a6 10. Bd3 Nc6 11. O-O-O O-O-O 12. Rde1 Bf5 13. h3 Bf6 14. g4
Bxd3 15. Qxd3 h6 16. Re3 Rde8 17. Rhe1 Rxe3 18. Qxe3 Kd8 19. Qd2 Re8 20. Re3
Rxe3 21. Qxe3 Qe7 22. Kd2 Qxe3+ 23. Kxe3 Ke7 24. Ke4 Ke6 25. Nd4+ Nxd4 26. cxd4
d5+ 27. Ke3 c6 28. c3 Be7 29. Bg3 f5 30. f3 g6 31. Be5 h5 32. gxh5 gxh5 33. Kf4
Bh4 34. Ke3 c5 35. Bh2 c4 36. f4 Be7 37. Bg1 b5 38. Kd2 a5 39. Kc2 b4 40. a4
bxc3 41. bxc3 Kd6 1/2-1/2

[Event "DEM U12 2011"]
[Site "Oberhof GER"]
[Date "2011.06.14"]
[Round "5"]
[White "Gschnitzer, Adrian"]
[Black "Burg, Niclas"]
[Result "0-1"]
[Termination "normal"]
[Board "36"]
[WhiteElo "1590"]
[BlackElo "1311"]
[PlyCount "114"]
[WhiteFideId "1270337"]
[BlackFideId "1271968"]
[EventCountry "GER"]
[EventRounds "11"]
[EventType "swiss"]
[EventDate "2011.06.11"]

1. e4 c5 2. Nf3 Nc6 3. Nc3 Nf6 4. Bb5 e6 5. e5 Ng4 6. Bxc6 bxc6 7. O-O Nh6 8.
d4 Nf5 9. Be3 cxd4 10. Nxd4 Nxe3 11. fxe3 Qg5 12. Qf3 Qg6 13. Ndb5 Rb8 14. Nxa7
Ba6 15. Rf2 Bc5 16. Nxc6 Bb7 17. Qxf7+ Qxf7 18. Rxf7 Kxf7 19. Rf1+ Kg6 20. Nxb8
Rxb8 21. Re1 Bc6 22. Nd1 Kf5 23. Rf1+ Kxe5 24. Nf2 Kd6 25. Nd1 Ke7 26. Rf4 d5
27. Kf2 Rf8 28. Rxf8 Kxf8 29. g3 d4 30. exd4 Bxd4+ 31. Ke2 Bb5+ 32. Kf3 Ke7 33.
Ke4 Bg1 34. h4 Kd6 35. b3 Bc6+ 36. Kd3 e5 37. Nb2 e4+ 38. Ke2 Kd5 39. Kf1 Bd4
40. c4+ Kc5 41. Nd1 Kb4 42. Ke2 Ka3 43. Nf2 Kxa2 44. b4 Kb3 45. b5 Ba8 46. Nh3
Kxc4 47. Nf4 Kxb5 48. Ne6 Be5 49. g4 Bd5 50. Nf8 Bg8 51. Ke3 Kc6 52. Kxe4 Bd6
53. Nxh7 Bxh7+ 54. Kd4 Bg3 55. h5 Kd6 56. Ke3 Ke5 57. Kf3 Bh4 0-1

[Event "DEM U12 2011"]
[Site "Oberhof GER"]
[Date "2011.06.14"]
[Round "5"]
[White "Tiedemann, Fin Niklas"]
[Black "Silber, Stefanie"]
[Result "1/2-1/2"]
[Termination "normal"]
[Board "37"]
[WhiteElo "1525"]
[BlackElo "1095"]
[PlyCount "93"]
[WhiteFideId "12936936"]
[BlackFideId "12918245"]
[EventCountry "GER"]
[EventRounds "11"]
[EventType "swiss"]
[EventDate "2011.06.11"]

1. e4 c6 2. d4 d5 3. Nc3 dxe4 4. Nxe4 Bf5 5. Ng3 Bg6 6. h4 h6 7. Nf3 Nf6 8. Bc4
e6 9. Ne5 Nd5 10. Nxg6 fxg6 11. Qe2 Qd7 12. O-O c5 13. Bxd5 Qxd5 14. dxc5 Bxc5
15. Rd1 Qc6 16. Re1 O-O 17. Be3 Kh7 18. Bxc5 Qxc5 19. Ne4 Qe7 20. h5 g5 21. Qd3
Kh8 22. Rad1 Nc6 23. Qb3 b6 24. Rd6 Nd8 25. Red1 Rc8 26. Rd7 Qe8 27. c4 Qxh5
28. Qc3 Nf7 29. Ng3 Qg6 30. Rxa7 Rcd8 31. Rxd8 Rxd8 32. Qf3 Ne5 33. Qh5 Qb1+
34. Kh2 Qxb2 35. Ne4 Qd4 36. f3 Qxc4 37. a4 Qd4 38. Re7 Qd5 39. Re8+ Rxe8 40.
Qxe8+ Kh7 41. Nxg5+ hxg5 42. Qh5+ Kg8 43. Qe8+ Kh7 44. Qh5+ Kg8 45. Qe8+ Kh7
46. Qh5+ Kg8 47. Qe8+ 1/2-1/2

[Event "DEM U12 2011"]
[Site "Oberhof GER"]
[Date "2011.06.14"]
[Round "5"]
[White "Müller, Sophie"]
[Black "Ley, Sabrina"]
[Result "1-0"]
[Termination "normal"]
[Board "38"]
[WhiteElo "1386"]
[BlackElo "1156"]
[PlyCount "78"]
[WhiteFideId "12926698"]
[BlackFideId "12938130"]
[EventCountry "GER"]
[EventRounds "11"]
[EventType "swiss"]
[EventDate "2011.06.11"]

1. d4 Nf6 2. Bf4 g6 3. e3 Bg7 4. Bd3 O-O 5. Nf3 d6 6. O-O Nfd7 7. c3 e5 8. dxe5
dxe5 9. Bg3 h6 10. h3 f5 11. Bc4+ Kh8 12. Qc2 f4 13. exf4 exf4 14. Bh2 g5 15.
Re1 Nf6 16. Ne5 Nd5 17. Ng6+ Kg8 18. Bxd5+ Rf7 19. Bxf7+ Kxf7 20. Ne5+ Kg8 21.
Qb3+ Kh7 22. Nf3 Nc6 23. Qd1 Qf6 24. Nbd2 Bf5 25. Ne4 Qg6 26. Ned2 Rd8 27. Qb3
b6 28. Qd1 Bc2 29. Qe2 Bd3 30. Qe6 Qxe6 31. Rxe6 Nb8 32. Ree1 Kg6 33. Ne5+ Bxe5
34. Rxe5 Bf5 35. Nf3 Nc6 36. Ree1 Kf6 37. Rad1 Rxd1 38. Rxd1 Ne7 39. Nd4 Ke5
1-0

[Event "DEM U12 2011"]
[Site "Oberhof GER"]
[Date "2011.06.14"]
[Round "5"]
[White "Oberhofer, Marie"]
[Black "Hoffmann, Christoph"]
[Result "0-1"]
[Termination "normal"]
[Board "39"]
[WhiteElo "1068"]
[BlackElo "1360"]
[PlyCount "108"]
[WhiteFideId "12938165"]
[EventCountry "GER"]
[EventRounds "11"]
[EventType "swiss"]
[EventDate "2011.06.11"]

1. e4 e6 2. d4 d5 3. exd5 exd5 4. Bd3 Nf6 5. Nf3 c5 6. c3 Bd6 7. O-O O-O 8. Bg5
h6 9. Bh4 Nbd7 10. Nbd2 Qb6 11. Qc2 Bf4 12. Rfe1 Bxd2 13. Qxd2 Qd6 14. Re2 b6
15. Rae1 Bb7 16. a3 Ne4 17. Qc1 Rfe8 18. Bg3 Qc6 19. Nd2 Ndf6 20. Nxe4 Nxe4 21.
f3 Nxg3 22. hxg3 Rxe2 23. Rxe2 cxd4 24. Rc2 dxc3 25. Rxc3 Qe6 26. Kf2 Rc8 27.
Rc7 d4 28. Rxc8+ Qxc8 29. Qe1 Qe6 30. Qd2 Bd5 31. Qe2 Kf8 32. Be4 Bc4 33. Bd3
Bxd3 34. Qxd3 Qd6 35. f4 Ke7 36. Qe4+ Kf6 37. Ke2 h5 38. Kd3 g6 39. Qxd4+ Qxd4+
40. Kxd4 Kf5 41. Ke3 Kg4 42. Kf2 a6 43. b3 a5 44. b4 axb4 45. axb4 b5 46. f5
gxf5 47. Kg1 Kxg3 48. Kf1 f4 49. Kg1 f3 50. gxf3 Kxf3 51. Kf1 f5 52. Kg1 Ke2
53. Kg2 f4 54. Kh3 f3 0-1

[Event "DEM U12 2011"]
[Site "Oberhof GER"]
[Date "2011.06.14"]
[Round "5"]
[White "Kühn, Kolja"]
[Black "Schröder, Janina"]
[Result "0-1"]
[Termination "normal"]
[Board "40"]
[WhiteElo "1273"]
[BlackElo "1065"]
[PlyCount "118"]
[WhiteFideId "12938106"]
[BlackFideId "24693138"]
[EventCountry "GER"]
[EventRounds "11"]
[EventType "swiss"]
[EventDate "2011.06.11"]

1. e4 e5 2. Nf3 Nc6 3. Bc4 Be7 4. O-O Nf6 5. Re1 O-O 6. c3 d6 7. h3 Be6 8. Bxe6
fxe6 9. d4 exd4 10. cxd4 d5 11. exd5 exd5 12. Nc3 Bb4 13. Re6 Qd7 14. Qe2 Bxc3
15. bxc3 Ne4 16. Rxe4 dxe4 17. Qxe4 Rae8 18. Qh4 Qf5 19. Ba3 Rf6 20. c4 Qd3 21.
Qh5 Qg6 22. Qd5+ Qf7 23. Qb5 b6 24. Bb2 Na5 25. d5 Rf5 26. Bc3 Nb7 27. Qa6 Nd6
28. c5 Ne4 29. Bb2 Nxc5 30. Qxa7 Rxd5 31. Ba3 Ne6 32. Qb7 Rd7 33. Ne5 Nc5 34.
Bxc5 Rxe5 35. Ba3 h6 36. Bb2 Re2 37. Bc3 Rd3 38. Be1 Ra3 39. Qc8+ Kh7 40. Qg4
Rexa2 41. Rd1 Ra1 42. Qe4+ Qg6 43. Qe2 Rxd1 44. Qxd1 c5 45. f3 Ra2 46. Bf2 c4
47. g4 b5 48. Qd7 Qc2 49. Qd4 Qd3 50. h4 Qxd4 51. Bxd4 b4 52. f4 b3 53. g5 hxg5
54. hxg5 b2 55. Kg2 b1=Q+ 56. Kg3 Qd3+ 57. Kg4 Rg2+ 58. Kh4 Qg3+ 59. Kh5 Qh3#
0-1

[Event "DEM U12 2011"]
[Site "Oberhof GER"]
[Date "2011.06.14"]
[Round "5"]
[White "Speck, Jakob"]
[Black "Lederer, Leia"]
[Result "1-0"]
[Termination "normal"]
[Board "42"]
[WhiteElo "987"]
[BlackElo "1252"]
[PlyCount "145"]
[WhiteFideId "12938181"]
[BlackFideId "12926353"]
[EventCountry "GER"]
[EventRounds "11"]
[EventType "swiss"]
[EventDate "2011.06.11"]

1. e4 c5 2. Nf3 Nc6 3. d4 cxd4 4. Nxd4 g6 5. Nc3 Bg7 6. Be3 Nf6 7. Bc4 Qa5 8.
f3 Qb4 9. b3 Qxc3+ 10. Ke2 d5 11. Nb5 Qa5 12. exd5 Ne5 13. Bf4 Ne4 14. Qd4 O-O
15. Bxe5 Bxe5 16. Qxe4 Bxa1 17. Rxa1 a6 18. Nd4 b5 19. Nc6 Qc3 20. Nxe7+ Kh8
21. Rd1 bxc4 22. bxc4 Bf5 23. Nxf5 gxf5 24. Qd4+ Qxd4 25. Rxd4 Rfe8+ 26. Kd3
Kg7 27. c5 Rac8 28. c6 Red8 29. Kc4 Kf6 30. f4 Ke7 31. Kc5 Rb8 32. c4 Rd6 33.
Rd3 Rg6 34. d6+ Ke8 35. c7 Rd8 36. cxd8=Q+ Kxd8 37. Rd2 Kd7 38. Kb6 Rg8 39.
Kxa6 Kc6 40. Ka7 Rd8 41. a4 Rd7+ 42. Ka6 Rd8 43. Ka5 h5 44. Rd5 Ra8+ 45. Kb4
Rb8+ 46. Rb5 Re8 47. Rxf5 Kxd6 48. Rxh5 Rb8+ 49. Rb5 Rg8 50. a5 Rxg2 51. a6
Rb2+ 52. Ka5 Ra2+ 53. Kb6 Rxh2 54. Kb7 f6 55. a7 Rh7+ 56. Ka6 Rh8 57. Rb8 Rxb8
58. axb8=Q+ Kc5 59. Qb6+ Kxc4 60. Qxf6 Kd5 61. Qe5+ Kc4 62. f5 Kd3 63. Qf4 Kc3
64. Qe4 Kb3 65. Qd4 Ka3 66. Qc4 Kb2 67. Qd3 Kc1 68. Qc3+ Kb1 69. Qd2 Ka1 70.
Kb5 Kb1 71. Kb4 Ka1 72. Kb3 Kb1 73. Qb2# 1-0

[Event "DEM U12 2011"]
[Site "Oberhof GER"]
[Date "2011.06.14"]
[Round "5"]
[White "Zech, Anna"]
[Black "Semenova, Alisa"]
[Result "0-1"]
[Termination "normal"]
[Board "43"]
[WhiteElo "957"]
[BlackElo "1163"]
[PlyCount "30"]
[WhiteFideId "12909424"]
[BlackFideId "1272132"]
[EventCountry "GER"]
[EventRounds "11"]
[EventType "swiss"]
[EventDate "2011.06.11"]

1. e4 e5 2. Nf3 Nc6 3. Bb5 a6 4. Bxc6 dxc6 5. O-O Bg4 6. h3 h5 7. d3 Qf6 8.
Nbd2 Ne7 9. b3 Ng6 10. Bb2 Bd6 11. Qe2 Nf4 12. Qe3 Qg6 13. Nh4 Qg5 14. Ndf3
Bxf3 15. Nxf3 Qxg2# 0-1

[Event "DEM U12 2011"]
[Site "Oberhof GER"]
[Date "2011.06.14"]
[Round "5"]
[White "Uffrecht, Luise"]
[Black "Kast, Larissa"]
[Result "0-1"]
[Termination "normal"]
[Board "44"]
[WhiteElo "958"]
[BlackElo "1158"]
[PlyCount "50"]
[BlackFideId "24699055"]
[EventCountry "GER"]
[EventRounds "11"]
[EventType "swiss"]
[EventDate "2011.06.11"]

1. e4 e5 2. Nf3 Nc6 3. Bc4 Bc5 4. d3 Nf6 5. O-O O-O 6. Be3 Bb6 7. Nc3 d6 8. Qd2
h6 9. Qe2 Bg4 10. h3 Bh5 11. Bxb6 axb6 12. a3 Nd4 13. Qd1 Bxf3 14. gxf3 Nh5 15.
Kh2 c6 16. Rg1 Qf6 17. Rg2 g6 18. Kh1 Qh4 19. Kh2 Rae8 20. Rxg6+ Kh7 21. Rg2
Nf4 22. Rg3 Rg8 23. Bxf7 Rxg3 24. fxg3 Qxh3+ 25. Kg1 Qg2# 0-1

[Event "DEM U12 2011"]
[Site "Oberhof GER"]
[Date "2011.06.14"]
[Round "5"]
[White "Schmid, Katharina"]
[Black "Boussonville, Anna"]
[Result "1-0"]
[Termination "normal"]
[Board "45"]
[WhiteElo "1070"]
[BlackElo "996"]
[PlyCount "161"]
[WhiteFideId "12918210"]
[BlackFideId "12929689"]
[EventCountry "GER"]
[EventRounds "11"]
[EventType "swiss"]
[EventDate "2011.06.11"]

1. e4 c6 2. d4 d5 3. exd5 cxd5 4. Bd3 Nc6 5. c3 Nf6 6. h3 e5 7. dxe5 Nxe5 8.
Bb5+ Bd7 9. Bxd7+ Qxd7 10. Nf3 Nxf3+ 11. Qxf3 Be7 12. O-O O-O 13. Bg5 h6 14.
Be3 a6 15. Nd2 Rac8 16. Rac1 Rc7 17. Rfd1 Bc5 18. Nb3 Bxe3 19. Qxe3 Qe7 20.
Qxe7 Rxe7 21. c4 dxc4 22. Rxc4 Re6 23. Rcd4 Ree8 24. Nc5 Rb8 25. g4 Rfe8 26.
R1d2 Re7 27. Rd8+ Rxd8 28. Rxd8+ Kh7 29. Rb8 Re1+ 30. Kg2 Ra1 31. a3 Rd1 32.
Rxb7 Rd6 33. b4 Kg6 34. Ra7 h5 35. gxh5+ Nxh5 36. Rxa6 Rxa6 37. Nxa6 Nf4+ 38.
Kf3 Nd5 39. b5 Nb6 40. Nc5 Kf6 41. Ke4 Ke7 42. a4 Kd6 43. Kd4 Kc7 44. a5 Nc8
45. b6+ Nxb6 46. axb6+ Kxb6 47. Nd7+ Kc7 48. Nf8 Kd6 49. Nh7 Ke6 50. Ng5+ Kf6
51. h4 g6 52. Ke4 Ke7 53. f4 f6 54. Nf3 Ke6 55. Nd4+ Ke7 56. Nc6+ Ke6 57. Nd8+
Ke7 58. f5 g5 59. h5 Kf8 60. Ne6+ Kg8 61. Nc5 Kg7 62. Kf3 Kh6 63. Kg4 Kg7 64.
Ne4 Kf7 65. h6 Kg8 66. Nxf6+ Kh8 67. Nh5 Kh7 68. Kxg5 Kh8 69. Kg6 Kg8 70. Ng3
Kh8 71. Ne4 Kg8 72. Nd6 Kh8 73. Nf7+ Kg8 74. h7+ Kf8 75. h8=Q+ Ke7 76. Qf6+ Kd7
77. Ne5+ Kc7 78. Qc6+ Kb8 79. Nd7+ Ka7 80. Qb6+ Ka8 81. Qb8# 1-0

[Event "DEM U12 2011"]
[Site "Oberhof GER"]
[Date "2011.06.14"]
[Round "5"]
[White "Usczeck, Alina"]
[Black "Weiten, Anna"]
[Result "1-0"]
[Termination "normal"]
[Board "46"]
[WhiteElo "1219"]
[BlackElo "872"]
[PlyCount "95"]
[WhiteFideId "12938114"]
[BlackFideId "12938203"]
[EventCountry "GER"]
[EventRounds "11"]
[EventType "swiss"]
[EventDate "2011.06.11"]

1. e4 e5 2. Nf3 Nc6 3. Bc4 Nf6 4. Ng5 Bc5 5. Nxf7 Bxf2+ 6. Kf1 Qe7 7. Nxh8 Nxe4
8. Bf7+ Kf8 9. Qf3 Nd8 10. Qxe4 Nxf7 11. Nxf7 Qxf7 12. Qf3 Qxf3 13. gxf3 Bd4
14. Nc3 d6 15. Ke2 Bf5 16. d3 Kg8 17. Be3 Re8 18. Kd2 c6 19. Bxd4 exd4 20. Ne4
Bxe4 21. fxe4 b5 22. Raf1 c5 23. Rf2 c4 24. Rhf1 h6 25. Rf7 a5 26. Rb7 b4 27.
Rff7 cxd3 28. Rxg7+ Kh8 29. cxd3 h5 30. Ke2 d5 31. Rge7 Rxe7 32. Rxe7 dxe4 33.
dxe4 a4 34. Rf7 Kg8 35. Rf5 b3 36. axb3 axb3 37. Kd3 h4 38. e5 h3 39. e6 Kg7
40. e7 Kg6 41. e8=Q+ Kxf5 42. Qe4+ Kf6 43. Kxd4 Kf7 44. Qe5 Kf8 45. Qc7 Ke8 46.
Ke5 Kf8 47. Kf6 Kg8 48. Qg7# 1-0